Virtual Clinical Exursions (Record no. 276683)
[ view plain ]
| 000 -LEADER | |
|---|---|
| fixed length control field | 00257nam a22000977a 4500 |
| 008 - FIXED-LENGTH DATA ELEMENTS--GENERAL INFORMATION | |
| fixed length control field | 140712b xxu||||| |||| 00| 0 eng d |
| 082 ## - DEWEY DECIMAL CLASSIFICATION NUMBER | |
| Item number | NUR0113 |
| 245 ## - TITLE STATEMENT | |
| Title | Virtual Clinical Exursions |
| Remainder of title | pacific view Regional Hospital |
| 300 ## - PHYSICAL DESCRIPTION | |
| Extent | CD-ROM |
| 942 ## - ADDED ENTRY ELEMENTS (KOHA) | |
| Source of classification or shelving scheme | Library of Congress Classification |
| Koha item type | Audio Visual Materials |
| Withdrawn status | Lost status | Source of classification or shelving scheme | Damaged status | Home library | Current library | Shelving location | Date acquired | Source of acquisition | Total Checkouts | Total Renewals | Full call number | Barcode | Date last seen | Date checked out | Price effective from | Koha item type | Public note |
|---|---|---|---|---|---|---|---|---|---|---|---|---|---|---|---|---|---|
| Withdrawn | Library of Congress Classification | College Library | College Library | Audio Visual Material Section | 07/12/2014 | Donation | 1 | 4 | 1 | NUR0113 | 10/10/2014 | 07/12/2014 | 07/12/2014 | Audio Visual Materials | rmc |